Glasgow city centre office report 2007/8 (Record no. 108562)

MARC details
000 -LEADER
fixed length control field 01133cad a22002175a 4500
001 - CONTROL NUMBER
control field E144622
008 - FIXED-LENGTH DATA ELEMENTS--GENERAL INFORMATION
fixed length control field 080731s2007 xxkado f s 000 0 eng d
035 ## - SYSTEM CONTROL NUMBER
System control number (Sirsi) u144622
041 0# - LANGUAGE CODE
Language code of text/sound track or separate title eng
050 04 - LIBRARY OF CONGRESS CALL NUMBER
Classification number 333.33 $2 18
110 2# - MAIN ENTRY--CORPORATE NAME
Corporate name or jurisdiction name as entry element Lambert Smith Hampton
9 (RLIN) 2865
245 00 - TITLE STATEMENT
Title Glasgow city centre office report 2007/8
Medium [electronic resource]
260 ## - PUBLICATION, DISTRIBUTION, ETC.
Place of publication, distribution, etc. Glasgow
Name of publisher, distributor, etc. Lambert Smith Hampton
Date of publication, distribution, etc. 2007
490 #0 - SERIES STATEMENT
Series statement Lambert Smith Hampton Glasgow City Centre Office Report
Volume/sequential designation 2007/8
520 ## - SUMMARY, ETC.
Summary, etc. Demand for office space in Glasgow has continued to rise, leading to a shortage of new space. Although there are new developments planned, these may run into problems with funding due to the recent credit crunch. Rental values have reached £27.50 per sq ft, and are expected to rise further to £29 per sq ft by 2009, reflecting Glasgow's growing success as a business location.
521 ## - TARGET AUDIENCE NOTE
Target audience note Advanced
651 #4 - SUBJECT ADDED ENTRY--GEOGRAPHIC NAME
Geographic name Glasgow
690 ## - LOCAL SUBJECT ADDED ENTRY--TOPICAL TERM (OCLC, RLIN)
Topical term or geographic name as entry element PROPERTY-COMMERCIAL PROPERTY-COMMERCIAL PROPERTY MARKET
856 40 - ELECTRONIC LOCATION AND ACCESS
Uniform Resource Identifier <a href="https://www.lsh.co.uk">https://www.lsh.co.uk</a>
Public note View the report free of charge under research (requires registration) at www.lsh.co.uk...
942 ## - ADDED ENTRY ELEMENTS (KOHA)
Suppress in OPAC 0
Holdings
Withdrawn status Lost status Source of classification or shelving scheme Damaged status Not for loan Home library Current library Shelving location Date acquired Total Checkouts Full call number Barcode Date last seen Copy number Price effective from Koha item type
    Dewey Decimal Classification     Virtual Virtual Online 31/07/2008   ONLINE PUBLICATION 144622-2001 06/08/2019 1 06/08/2019 Book